Statistiche per IL SOMMO DIANA

Clicka qui per fare il quiz!

Statistiche generali

  • Questo quiz è stato fatto 11 volte
  • Il punteggio medio è 13 su 19

Statistiche sulle risposte

DomandaRisposta% Corretto
Qual è il frutto preferito dall'avvocato?Mela...Perche?...boh...interminabili risate...
100%
Stati che confinano con il MyanmarSi chiama Birmania COGLIONE
100%
Ascension Island DRIP DI DIANASOMMITA' MASSIMA over 9K
100%
Cosplay di "Diana il Salterino"Ger 🏺
83%
Gioco preferito da Diana che ha originato GTALego City Undercover
83%
"75% of gym members don't even know their gym is closed" è la celebre descrizione di Discord di chi?Supreme Leader of North Korea
83%
Numero dei tipi che ammiravano Luca chockarsi4
67%
Dove abita DianaAl mega
67%
Cosa cambia ogni settimana sta Troia!!CAZZOH
67%
戴安娜酷... In che lingua è scritto?Cinese
67%
Diana è legalmente punibileSI!
67%
DianaSommo
67%
Balletto effettuato per il godimentoTake the L
67%
Numero di camera predictato417
50%
Di cosa la gente pensa sia ceo DianaBassstardo
50%
Di cosa è realmente ceo DianaMa sei stupidah
50%
Top 5 soviet leaders ranked by their eyebrowsBrezhnev
33%
Ascension Island DOMANDONE FINALE Cosa stava facendo Diana?Preparandosi ad ingoiare un pisellone
33%
Numero streak regioni croate prima dell’arrivo di barnaba...Tante
33%

Distribuzione punteggi

Percentile per numero di risposta

Percentuale di utenti per punteggio

I tuoi punteggi nel tempo

Non hai fatto questo quiz